| 000 | 01077nam a2200241 a 4500 | ||
|---|---|---|---|
| 001 | BRCA_2287 | ||
| 005 | 20190320203738.0 | ||
| 008 | 961017s1994----mx-a---###---#000-0#spa-# | ||
| 020 | _a968662323X | ||
| 040 |
_aDLC _cDLC _dTxU |
||
| 041 | _aspaeng | ||
| 050 | 4 |
_aN6553.J5 _b.J35 1994 |
|
| 245 | 1 | 0 |
_aJalisco _bgenio y maestría. |
| 260 |
_aMéxico _bMuseo de Arte Contemporáneo de Monterrey : Antiguo Colegio de San Ildefonso _c1994 |
||
| 300 |
_a177 p. _bil. a color _c30 cm. |
||
| 500 | _aCatálogo de la exposición realizada en el Museo de Arte Contemporáneo de Monterrey (Monterrey, México), 20 mayo - 26 agosto, 1994 y en el Antiguo Colegio de San Ildefonso (Ciudad de México), 22 febrero - 22 mayo, 1995 | ||
| 546 | _aTexto en : español e inglés | ||
| 650 | 1 | 4 |
_aArte mexicano _vCatálogos _xHistoria _zJalisco (México) _96850 |
| 650 | 1 | 4 |
_aPintores _vCatálogos _xHistoria _zJalisco (México) _96851 |
| 651 | 4 |
_aJalisco (México) _xColecciones de arte _ySiglos XIX y XX _96852 |
|
| 651 | 4 |
_aJalisco (México) _xVida cotidiana _ySiglos XIX y XX _96853 |
|
| 942 |
_2lcc _cB |
||
| 999 |
_c2033 _d2033 |
||